Nehmt Abschied Brüder - Liedtext / Lyrics - Statistiken

Allgemein
  • Dieses Quiz wurde 162 mal gespielt
  • Das Durchschnittsergebnis liegt bei 58 aus 102
Antwortstatistiken
Textquiz % Korrekt
Abschied
100%
Brüder
99%
Nehmt
99%
Wir/die
95%
die
87%
Die
87%
ist
82%
all/liegt
81%
das
80%
ungewiss
80%
uns
79%
Der
78%
der
78%
in
78%
alle
75%
Wiederkehr
75%
Gottes/unser
74%
zu
74%
auf
71%
ruhen/Zukunft
71%
und
70%
Wiederseh´n
69%
hin
68%
Hand
66%
her
65%
liegt
65%
schwer
65%
Zukunft
65%
macht
64%
übers
63%
Wir
63%
Himmel
62%
Land
62%
es
60%
sich
60%
Herz
59%
Finsternis
58%
ein
57%
den
56%
wölbt
56%
ade/adieu
55%
wer
49%
Leben
43%
Kreis
41%
schließt
40%
Nacht
37%
Spiel
37%
weiß
36%
ans
35%
spielen
35%
Ziel
35%
Recht
34%
gehen
33%
gelangt
33%
mit
33%
nicht
33%
Tag
33%
Zeit
33%
geht
32%
große
32%
nur
31%
Sonne
30%
Welt
29%
vergangen
26%
weit
25%
mehr
24%
sinkt
24%
kommen
23%
leis´
23%
Nachtigallen
23%
steigt
23%
Ende
22%
schläft
21%
Schlag
21%
erwacht
20%
Gut
20%
jedem
20%
Anbeginn
18%
Nun
18%
Pfad
10%
Keine übereinstimmenden Quizze gefunden
Verteilung der Resultate
Anzahl Personen mit jedem Resultat
Perzentil nach korrekt beantworteten Fragen
Ihre Resultats-Entwicklung
Sie haben dieses Quiz noch nicht gespielt